000 01218nam0a2200361 4500
001 RU\NLR\bibl\748428
005 20260406084201.0
010 _a5-9539-0369-3
_97000
021 _aRU
_b2004-73846
_93640
035 _aRSL-KNO-002503663
035 _a(NLR Aleph) 000738234
090 _a805786
_c805786
100 _a20041130d2004 |||y0rusy50 ca
101 0 _arus
102 _aRU
105 _aa |||||||||
106 _ar
200 1 _aГензель и Гретель
_f[текст Ирины Копыловой]
210 _aМ.
_cЭгмонт
_cЭгмонт Россия Лтд
_d2004
_gОАО Яросл. полигр. комб.
215 _a79 с.
_cцв. ил.
_d22
225 1 _aСимсала Гримм
300 _aАвт. указан перед. вып. дан.
610 0 _aДетская литература
686 _aШ9(2)40(4Г)
_2rubbk
686 _aШ9(4Г)60-4
700 1 _4070
_8rus
_7ca
_aКопылова
_bИ.
_cлитератор
_gИрина
_3RU\NLR\auth\7752319
_935252
801 0 _aRU
_bRuMoRKP
_c20041130
_grcr
801 1 _aRU
_bRuMoRGB
_c20041130
801 2 _aRU
_bNLR
_c20050414
_gPSBO
942 _cBOOK
980 _aNB